Countries with Wild Pangolins - Statistics

General Stats
  • This quiz has been taken 1,160 times
    1,151 since last reset
  • The average score is 44 of 51
Answer Stats
Continent Answer % Correct
Africa South Africa
96%
Asia China
95%
Africa D. R. Congo
95%
Asia India
95%
Africa Kenya
93%
Asia Indonesia
92%
Africa Nigeria
92%
Asia Vietnam
92%
Asia Laos
91%
Africa Namibia
91%
Africa Tanzania
91%
Asia Thailand
91%
Africa Angola
90%
Africa Mozambique
90%
Africa Zambia
90%
Asia Cambodia
89%
Asia Malaysia
89%
Asia Myanmar
89%
Asia Pakistan
89%
Africa Rwanda
89%
Africa Zimbabwe
89%
Africa Botswana
88%
Africa Congo
88%
Africa Cameroon
87%
Africa Ethiopia
87%
Africa Ghana
87%
Africa South Sudan
87%
Africa Sudan
87%
Africa Togo
87%
Africa Uganda
87%
Africa Central African Republic
86%
Africa Chad
86%
Africa Gabon
86%
Asia Bangladesh
85%
Africa Benin
85%
Africa Burundi
85%
Africa Guinea
85%
Asia Nepal
85%
Africa Malawi
84%
Africa Senegal
84%
Africa Equatorial Guinea
83%
Africa Ivory Coast
83%
Asia Bhutan
82%
Africa Eswatini
82%
Africa Guinea-Bissau
81%
Africa Liberia
81%
Africa Sierra Leone
80%
Asia Philippines
77%
Asia Brunei
74%
Asia Sri Lanka
74%
Asia Taiwan
69%
No matching quizzes found
Score Distribution
Percent of People with Each Score
Percentile by Number Answered
Your Score History
You have not taken this quiz since the last reset